000 00706nam a22002297a 4500
003 UA-OsUOA
001 48471
007 ta
008 20130527b un ||||| |||| 00| 0 ukr d
090 _a929
_bП44
942 _cBK
040 _aUA-OsUOA
_brus
_cUA-OsUOA
_dUA-OsUOA
245 _aПодвижник української історичної науки
300 _a82 с.
955 _a1
041 _arus
080 _a929
260 _aЧернівці
_bЗолоті литаври
_c1999
650 7 _a9 Географія. Біографії. Історія
_2UDC
999 _c428575
_d428575